000 00724 a2200193 4500
001 63736
005 20260407155936.0
008 260407a1975 arg spa d
003 AR-UNSa-BCEJYS
040 _aAR-UNSa-BCEJYS
_bspa
_cAR-UNSa-BCEJYS
080 _a657(083.74)
_xNormas Contables
245 1 0 _aDictamen Nº 2
_pAjuste de estados contables para reflejar las variaciones del poder adquisitivo de la moneda. Normas de aplicación
264 1 _aBuenos Aires :
_bEl Coloquio
_c1975
300 _a91 p.
_c22 cm.
041 _aspa
942 _cBK
590 _aniveau_biblio:m niveau_hierar:0
100 1 _aFederación Argentina de Colegios de Graduados en Ciencias Económicas. Instituto Técnico de Contadores Públicos
999 _c8296
_d8296